• 首页
  • 本馆介绍
  • 公告通知
  • 最新文献
  • 馆藏检索
  • 电子资源
  • 读者导购
  • 参考咨询
  • 我的图书馆
  • 登录
  • 详细信息显示
  • 放入我的书架
  • 预约/预借图书
  • 作者相关作品
  • 分类相关作品
  • 丛书相关作品
  • 出版社相关作品

书目信息

  • 表格格式
  • 工作单格式
  • 卡片格式
题名:
诺贝尔奖获得者演讲集
    
 
作者: 宋玉升 译
分册: 第二卷   物理学
出版信息: 北京   科学出版社  1984
页数: 387页
开本: 20cm
丛书名:
单 册:
中图分类: N53
科图分类:
主题词: 诺贝尔奖金-物理学家--演说--文集 , 物理学家-诺贝尔奖金--演说--文集 , 自然科学--文集
电子资源:
ISBN:
000 00723nam0 2200241 45
001 0184006565
005 20051123142236.28
010    @dCNY3.50
091    @a13031.2670
100    @a19960215d1984 em y0chiy0121 ea
101 1  @achi
102    @aCN@b110000
105    @ay z 000yy
200 10 @a诺贝尔奖获得者演讲集@Anuo bei er jiang huo de zhe yan jiang ji@h第二卷@i物理学@f宋玉升等译@Fsong yu sheng deng yi
210    @a北京@c科学出版社@d1984
215    @a387页@d20cm
606    @a诺贝尔奖金-物理学家@x演说@x文集
606    @a物理学家-诺贝尔奖金@x演说@x文集
606 0  @a自然科学@x文集
690    @aN53@v3 
701  0 @a宋玉升@Asong yu sheng@4译
801  0 @aCN@bNLC@c20051123
905    @f1@b127210@dN53@e136:2
    
    诺贝尔奖获得者演讲集.第二卷.物理学/宋玉升等译.-北京:科学出版社,1984
    387页;20cm
    
    
    ISBN :CNY3.50
    
●
相关链接 在E读中查询图书 在五车中查询图书 在当当中查询图书 在豆瓣中查询图书


正题名:诺贝尔奖获得者演讲集     索取号:N53/136:2         预约/预借

序号 登录号 条形码 馆藏地/架位号 状态 备注
1 0127209   001201112   第二样本阅览室/ [索取号:N53/136:2] 在馆    
2 0127210   001201121   第三借阅区/ [索取号:N53/136:2] 在馆    
3 0127211   202150126   密集书库/ [索取号:N53/136:2] 在馆    
4 0127212   202150135   密集书库/ [索取号:N53/136:2] 在馆    
5 0127213   202150162   密集书库/ [索取号:N53/136:2] 在馆    
6 0127214   202150144   密集书库/ [索取号:N53/136:2] 在馆    
唐山师范学院图书馆 欢迎您!
大连网信软件有限公司© 版权所有